000 00908nam a2200265 c 4500
003 BLK
005 20180422114003.0
008 180410b bul|||||r ||||||| ||bul||
010 _aKNG00171868000
040 _aBLK
041 _aBUL
_cBUL
080 _aБългарска литература
_b821.163.2
_x-311.6
_z821.163.2-311.6
100 1 _aВълчев, Йордан Тодоров
_eпърви автор
_9363282
139 _aВълчев, Йордан Тодоров
_bВ 95
245 1 0 _aБунт на Владетеля. Лето 863
_bИст. роман
_cЙордан Тодоров Вълчев.
257 _aBGR
260 София
_bБълг. писател
_c1967
300 _a273 с.
_c20 см
380 _aX
852 _aЦб I 9041
856 4 _qpdf
_u
856 4 _qpdf
_u
942 _cKNG
_n0
944 _aCR
_c21.02.2015
_kМилена_Ачева
944 _aED
_c21.02.2015
_kМилена_Ачева
999 _c164358
_d164358